Neurális hálózat finomhangolása egy adott adatbázison

Neurális hálózatok több változata érhető már el melyek egyre több helyen kerülnek gyakorlati alkalmazásra, amikor összefüggéseket keresünk nagyobb adatbázisokban. A számítógépes alkalmazások között a mesterséges neurális hálózatok (Neural Network röviden NN) számos válfaja használatos hétköznapi alk...

Teljes leírás

Elmentve itt :
Bibliográfiai részletek
Szerzők: Benkő-Kiss Árpád
Fabulya Zoltán
Hampel György
Dokumentumtípus: Cikk
Megjelent: 2023
Sorozat:JELENKORI TÁRSADALMI ÉS GAZDASÁGI FOLYAMATOK 18 No. Különszám
Tárgyszavak:
doi:10.14232/jtgf.2023.kulonszam.73-81

mtmt:34342127
Online Access:http://publicatio.bibl.u-szeged.hu/29889
LEADER 01969nab a2200241 i 4500
001 publ29889
005 20240318110116.0
008 240318s2023 hu o 0|| hun d
022 |a 1788-7593 
024 7 |a 10.14232/jtgf.2023.kulonszam.73-81  |2 doi 
024 7 |a 34342127  |2 mtmt 
040 |a SZTE Publicatio Repozitórium  |b hun 
041 |a hun 
100 2 |a Benkő-Kiss Árpád 
245 1 0 |a Neurális hálózat finomhangolása egy adott adatbázison  |h [elektronikus dokumentum] /  |c  Benkő-Kiss Árpád 
260 |c 2023 
300 |a 73-81 
490 0 |a JELENKORI TÁRSADALMI ÉS GAZDASÁGI FOLYAMATOK  |v 18 No. Különszám 
520 3 |a Neurális hálózatok több változata érhető már el melyek egyre több helyen kerülnek gyakorlati alkalmazásra, amikor összefüggéseket keresünk nagyobb adatbázisokban. A számítógépes alkalmazások között a mesterséges neurális hálózatok (Neural Network röviden NN) számos válfaja használatos hétköznapi alkalmazásokban. Ilyen például az ügyfélminősítés, egészségügy, vagy éppen az adatbányászat. Természetesen más-más neurális hálózat típus és algoritmusok használatosak a kép és hang és szövegfeldolgozásban vagy gépi fordításban és mások az egyszerű adatbányászatban, vagy összefüggés keresésben és adatelemzésekben. A python scriptnyelven kifejlesztett grafikus felülettel rendelkező rendszerünket, több különböző méretű valós és generált adatbázison teszteltük, eddig sikerrel. Jelen elemzés célja az, hogyan javítható az előrejelzés pontossága az egyes paraméterek változtatásával (neuronszám, iterációszám stb.) ezáltal hogyan növelhető a hálózat pontossága egy adott adatbázis elemzésekor. 
650 4 |a Egyéb műszaki tudományok és technológiák 
700 0 1 |a Fabulya Zoltán  |e aut 
700 0 1 |a Hampel György  |e aut 
856 4 0 |u http://publicatio.bibl.u-szeged.hu/29889/1/73-81BenkoFabulyaHampel.pdf  |z Dokumentum-elérés